hear me out (dessin anime-film d'animation) - Statistiques

Statistiques générales
  • Ce quiz a été pris 53 fois
  • Le résultat moyen est 5 sur 16
Statistiques - réponses
Par images Réponse % Correct
flash mcqueen
91%
jerry
78%
gargamel
76%
miles morales
50%
jack frost
48%
chipeur
35%
nick wilde
28%
johnny test
24%
bagheera
22%
oscar
17%
harold haddock
11%
eugene fitzherbert
9%
nod
9%
king
7%
jay
4%
ronain
2%
Aucun quiz correspondant
Distribution des résultats
% des personnes avec chaque résultat
Percentile par nombre de réponses
Votre historique - résultats
Vous n’avez pas pris ce quiz